| 000 | 00719cam a22002411 4500 | ||
|---|---|---|---|
| 001 | sa 68001968 | ||
| 003 | DLC | ||
| 005 | 20260227112438.0 | ||
| 008 | 900223s1967 ii c bd 000 0 sano | ||
| 010 | _asa 68001968 | ||
| 035 | _a(OCoLC)21115563 | ||
| 040 |
_aDLC _cWaU _dDLC |
||
| 042 | _apremarc | ||
| 050 | 0 | 0 |
_aPK3799.S385 _bV3 |
| 100 | 1 |
_aSharma, Ramavatar, _d-1929. |
|
| 245 | 1 | 0 | _aVāṅmayārṇavaḥ. |
| 260 | _c[1967] | ||
| 300 |
_a23, 815 p. _bports. |
||
| 500 | _aIn Sanskrit; introductory matter in Hindi. | ||
| 504 | _aList of works of the author and of his son, Nalin Vilochan Sharma : p. 13-17 (1st group) | ||
| 650 | 0 |
_aSanskrit language _vDictionaries. |
|
| 700 | 1 | _aŚarmā, Nalinavilocana. | |
| 999 |
_c78353 _d78353 |
||